| 000 | 01280nam a22002775a 4500 | ||
|---|---|---|---|
| 003 | OSt | ||
| 005 | 20170309122342.0 | ||
| 008 | 170226s1997 xx frb 000 0 ara d | ||
| 015 | _a1997 / 11388 | ||
| 020 | _a9771944681 | ||
| 040 |
_aEG-ScBUE _bara _cEG-ScBUE |
||
| 043 | _af-ua--- | ||
| 082 | 0 | 4 |
_a347.6205 _bو ا ل _222 |
| 100 | 1 | _aوالي، فتحي. | |
| 245 | 1 | 0 |
_aنظرية البطلان في قانون المرافعات : _bدراسة تأصيلية وتطبيقية للأعمال الإجرائية في قانون المرافعات وأسباب بطلانها الشكلية والموضوعية وأنواع البطلان وبيان من له التمسك به وتصحيحة وآثاره / _cتأليف فتحي والي ؛ قام بتحديثها بما جد من تشريع وقضاء وفقه أحمد ماهر زغلول. |
| 250 | _aط. 2. | ||
| 260 |
_a[د. م. : _bد. ن.]، _c1997. |
||
| 300 |
_a957 ص. ؛ _c24 سم. |
||
| 504 | _aيشتمل على إرجاعات ببليوجرافية. | ||
| 650 | 7 |
_aنظرية البطلان _2BUEsh _xمصر. |
|
| 650 | 7 |
_aقانون المرافعات _2BUEsh _zمصر. _920382 |
|
| 651 | _2BUEsh | ||
| 653 |
_bLLAAWW _cMarch2017 |
||
| 700 | 1 |
_aزغلول، أحمد ماهر، _eمحدث. |
|
| 942 | _2ddc | ||
| 999 |
_c24372 _d24344 |
||